[Event "II. CLANSKA LIGA ZAHOD 2012"]
[Site " Ljubljana"]
[Date "2012.10.26"]
[Round "6.1"]
[White "Rodman, Franc"]
[Black "Kutin, Boris"]
[Result "1-0"]
[WhiteElo "2148"]
[BlackElo "1954"]
[PlyCount "54"]
[EventDate "2012.10.26"]
[WhiteTeam "SD JESENICE"]
[BlackTeam "SK LOSKA DOLINA"]

1. d4 d5 2. c4 c6 3. Nf3 e6 4. Nc3 dxc4 5. e3 b5 6. a4 Bb4 7. Bd2 a5 8. axb5
Bxc3 9. Bxc3 cxb5 10. Qd2 a4 11. b3 cxb3 12. Bxb5+ Bd7 13. Bc4 Bc6 14. Ne5 Ne7
15. O-O O-O 16. Nxc6 Nbxc6 17. e4 Qc7 18. Rfc1 Qb6 19. d5 exd5 20. exd5 a3 21.
Rab1 b2 22. Bxb2 axb2 23. Rxb2 Qd4 24. dxc6 Qxd2 25. Rxd2 Nxc6 26. Bd5 Rfd8 27.
Bxc6 Rdc8 1-0

[Event "II. CLANSKA LIGA ZAHOD 2012"]
[Site " Ljubljana"]
[Date "2012.10.26"]
[Round "6.2"]
[White "Kodric, Vladimir"]
[Black "Zeleznik, Alojz"]
[Result "0-1"]
[WhiteElo "1946"]
[BlackElo "2202"]
[PlyCount "48"]
[EventDate "2012.10.26"]
[WhiteTeam "SK LOSKA DOLINA"]
[BlackTeam "SD JESENICE"]

1. d4 Nf6 2. c3 g6 3. Qc2 d5 4. e3 Bg7 5. Nf3 O-O 6. Nbd2 Nbd7 7. Be2 c5 8. O-O
b6 9. Re1 Bb7 10. Bd3 Qc7 11. Qb1 e5 12. dxe5 Nxe5 13. Be2 Rad8 14. b3 Nxf3+
15. gxf3 Qe5 16. Bb2 Qg5+ 17. Kh1 Qh4 18. Kg1 d4 19. cxd4 cxd4 20. Nf1 d3 21.
Bxd3 Bxf3 22. Be2 Ng4 23. Bxf3 Qxf2+ 24. Kh1 Qxf3+ 0-1

[Event "II. CLANSKA LIGA ZAHOD 2012"]
[Site " Ljubljana"]
[Date "2012.10.26"]
[Round "6.3"]
[White "Jeraj, Zlatko"]
[Black "Stanic, Simon"]
[Result "1/2-1/2"]
[WhiteElo "2070"]
[BlackElo "1985"]
[PlyCount "75"]
[EventDate "2012.10.26"]
[WhiteTeam "SD JESENICE"]
[BlackTeam "SK LOSKA DOLINA"]

1. c4 c5 2. Nc3 g6 3. Nf3 Bg7 4. g3 Nc6 5. Bg2 Nf6 6. O-O O-O 7. d3 d6 8. Rb1
Bd7 9. a3 a5 10. Nb5 Qc8 11. Bd2 Bh3 12. e4 Bxg2 13. Kxg2 Nd7 14. Bc3 Nde5 15.
Nxe5 dxe5 16. Qe2 b6 17. b4 axb4 18. axb4 cxb4 19. Bxb4 Nxb4 20. Rxb4 Ra6 21.
Rfb1 Qc6 22. Nc3 e6 23. Qb2 Rb8 24. Rb5 Bf8 25. Qb3 Ra3 26. Qc2 Bc5 27. R1b3
Rba8 28. Rxa3 Rxa3 29. Rb3 Qa8 30. Rxa3 Qxa3 31. Nb1 Qb4 32. Nd2 Bd4 33. Nf3
Kf8 34. Qd2 Qa3 35. Qh6+ Ke8 36. Qd2 Kf8 37. Qh6+ Ke8 38. Qd2 1/2-1/2

[Event "II. CLANSKA LIGA ZAHOD 2012"]
[Site " Ljubljana"]
[Date "2012.10.26"]
[Round "6.4"]
[White "Drobnic, Janez"]
[Black "Hasanagic, Anel"]
[Result "0-1"]
[WhiteElo "1779"]
[BlackElo "2102"]
[PlyCount "88"]
[EventDate "2012.10.26"]
[WhiteTeam "SK LOSKA DOLINA"]
[BlackTeam "SD JESENICE"]

1. d4 Nf6 2. c4 e6 3. Nc3 Bb4 4. Bd2 b6 5. Nf3 O-O 6. e3 Ba6 7. Be2 c5 8. O-O
cxd4 9. Nxd4 Bb7 10. Bf3 Bxf3 11. Qxf3 Na6 12. a3 Be7 13. Ne4 Rc8 14. b3 Nc5
15. Nxc5 bxc5 16. Nc2 Qc7 17. Bc3 Rb8 18. Rab1 Rb7 19. Rb2 Rfb8 20. Rfb1 d5 21.
cxd5 Nxd5 22. Be1 Bf6 23. e4 Bxb2 24. exd5 Rxb3 25. Qe4 Qe5 26. Qc4 Qxd5 27.
Qa6 Qd3 28. Qxd3 Rxd3 29. Kf1 Be5 30. Rxb8+ Bxb8 31. Ke2 Rb3 32. h3 Kf8 33. Bd2
Rb2 34. Kd1 Rb1+ 35. Ke2 Ke7 36. Be3 Bd6 37. Kd2 Kd7 38. Kc3 Kc6 39. a4 f5 40.
g3 Rh1 41. h4 f4 42. gxf4 Rxh4 43. Na3 Bxf4 44. Nb5 Bxe3 0-1

[Event "II. CLANSKA LIGA ZAHOD 2012"]
[Site " Ljubljana"]
[Date "2012.10.26"]
[Round "6.5"]
[White "Hrenic, Misa"]
[Black "Stanic, Vitko"]
[Result "1-0"]
[WhiteElo "2057"]
[BlackElo "1796"]
[PlyCount "53"]
[EventDate "2012.10.26"]
[WhiteTeam "SD JESENICE"]
[BlackTeam "SK LOSKA DOLINA"]

1. e4 d6 2. d4 Nf6 3. Nc3 Nbd7 4. Nf3 e5 5. Bc4 Be7 6. O-O O-O 7. a3 a5 8. Re1
exd4 9. Nxd4 Nc5 10. Ba2 a4 11. f3 h6 12. Be3 c6 13. Nde2 Be6 14. Bxc5 Bxa2 15.
e5 dxc5 16. exf6 Be6 17. fxe7 Qxe7 18. Nf4 Rfe8 19. Nxe6 fxe6 20. Qe2 Qf6 21.
Qe5 Qxe5 22. Rxe5 b6 23. Rae1 Kf7 24. R5e4 b5 25. Re5 c4 26. Ne4 Rad8 27. Rc5
1-0

[Event "II. CLANSKA LIGA ZAHOD 2012"]
[Site " Ljubljana"]
[Date "2012.10.26"]
[Round "6.6"]
[White "Drobnic, Milan"]
[Black "Pazlar, Marko"]
[Result "0-1"]
[WhiteElo "1731"]
[BlackElo "2043"]
[PlyCount "42"]
[EventDate "2012.10.26"]
[WhiteTeam "SK LOSKA DOLINA"]
[BlackTeam "SD JESENICE"]

1. d4 e6 2. c4 f5 3. Nc3 Nf6 4. Nf3 Bb4 5. e3 b6 6. Qc2 Bb7 7. Be2 O-O 8. O-O
Bxc3 9. Qxc3 Qe8 10. b3 d6 11. Bb2 Nbd7 12. Rfd1 Qg6 13. Rac1 a5 14. a4 Ne4 15.
Qe1 Rf7 16. Qf1 f4 17. exf4 Rxf4 18. g3 Raf8 19. Rd3 Rxf3 20. Bxf3 Rxf3 21. Rc2
Ng5 0-1

[Event "II. CLANSKA LIGA ZAHOD 2012"]
[Site " Ljubljana"]
[Date "2012.10.26"]
[Round "6.1"]
[White "Bajzelj, Primoz"]
[Black "Oberc, Marjan"]
[Result "1/2-1/2"]
[WhiteElo "2049"]
[BlackElo "2049"]
[PlyCount "139"]
[EventDate "2012.10.26"]
[WhiteTeam "SD SIMP RADOVLJICA"]
[BlackTeam "SK TRZIN"]

1. d4 Nf6 2. c4 e6 3. Nc3 d5 4. cxd5 exd5 5. Bg5 c6 6. Qc2 Bd6 7. e3 Be6 8. Bd3
Nbd7 9. Nf3 Rc8 10. e4 dxe4 11. Nxe4 Bb4+ 12. Nfd2 h6 13. Be3 Nxe4 14. Bxe4 Nf6
15. Bf3 Nd5 16. Bxd5 Qxd5 17. O-O O-O 18. a3 Bd6 19. Rac1 Qh5 20. f4 Bd5 21.
Nc4 Bc7 22. Rce1 Rfe8 23. Ne5 f6 24. Qg6 Qxg6 25. Nxg6 Kf7 26. Nh4 Re4 27. g3
Rce8 28. Bf2 Rxe1 29. Rxe1 Rxe1+ 30. Bxe1 Bb6 31. Bf2 Ke6 32. f5+ Kd6 33. Ng6
Be4 34. g4 h5 35. gxh5 Bxf5 36. Nf4 c5 37. dxc5+ Bxc5 38. b4 Bxf2+ 39. Kxf2 Ke5
40. Ke3 Bc2 41. h3 Kf5 42. Ne2 Bd1 43. Nf4 Ke5 44. Ng6+ Kf5 45. Nf4 Ba4 46. Kf3
Be8 47. Ke3 Bf7 48. Kf3 Kg5 49. Kg3 Bxh5 50. Ne6+ Kh6 51. Nd8 b6 52. Nc6 a6 53.
Nb8 Be2 54. Nd7 b5 55. Nc5 Kg5 56. Nxa6 Kf5 57. Nc5 Ke5 58. a4 bxa4 59. Nxa4
Kd4 60. h4 Ke3 61. Nc3 Bf3 62. Nb5 f5 63. Nd6 f4+ 64. Kh2 Ke2 65. Nf5 Bg4 66.
Ng3+ fxg3+ 67. Kxg3 Bd7 68. Kf4 Ba4 69. Kg5 Be8 70. h5 1/2-1/2

[Event "II. CLANSKA LIGA ZAHOD 2012"]
[Site " Ljubljana"]
[Date "2012.10.26"]
[Round "6.2"]
[White "Rojs, Igor"]
[Black "Buha, Drago"]
[Result "0-1"]
[WhiteElo "1978"]
[BlackElo "2011"]
[PlyCount "68"]
[EventDate "2012.10.26"]
[WhiteTeam "SK TRZIN"]
[BlackTeam "SD SIMP RADOVLJICA"]

1. d4 d5 2. Nf3 Bf5 3. c4 c6 4. Nc3 Nf6 5. cxd5 Nxd5 6. Qb3 Nb6 7. e4 Bg6 8.
Bg5 Bh5 9. Rd1 f6 10. Bf4 Bf7 11. d5 Qc8 12. a4 N8d7 13. a5 Nc5 14. Qc2 Nbd7
15. Bc4 e5 16. dxe6 Bxe6 17. Qe2 b5 18. Bxe6 Nxe6 19. Bd6 Bxd6 20. Rxd6 Ndc5
21. O-O Nb7 22. Nxb5 cxb5 23. Qxb5+ Ke7 24. Rd5 Rd8 25. Rfd1 Nc7 26. Qb4+ Kf7
27. Rxd8 Nxd8 28. e5 Nce6 29. exf6 gxf6 30. Qh4 Qc2 31. Rd7+ Ke8 32. Rxd8+ Rxd8
33. h3 Qc1+ 34. Kh2 Qf4+ 0-1

[Event "II. CLANSKA LIGA ZAHOD 2012"]
[Site " Ljubljana"]
[Date "2012.10.26"]
[Round "6.3"]
[White "Prestrl, Jozef"]
[Black "Jukan, Nesib"]
[Result "1/2-1/2"]
[WhiteElo "1955"]
[BlackElo "1975"]
[PlyCount "102"]
[EventDate "2012.10.26"]
[WhiteTeam "SD SIMP RADOVLJICA"]
[BlackTeam "SK TRZIN"]

1. c4 e6 2. d4 d5 3. e3 Nf6 4. a3 Be7 5. Nc3 O-O 6. Nf3 c5 7. dxc5 Bxc5 8. b4
Bb6 9. Bb2 dxc4 10. Bxc4 Nc6 11. O-O a6 12. Qc2 Qe7 13. Rad1 Bc7 14. Ba2 e5 15.
Nd5 Nxd5 16. Bxd5 Bg4 17. h3 Bh5 18. Bxc6 bxc6 19. Qxc6 Rfd8 20. Rxd8+ Rxd8 21.
g4 Bg6 22. Rc1 Bb8 23. Qxa6 Be4 24. Ne1 Bb7 25. Qf1 h5 26. f3 hxg4 27. hxg4 Qg5
28. Qf2 f5 29. Qe2 fxg4 30. fxg4 Qh4 31. Ng2 Qg3 32. Rf1 e4 33. Rf5 Qh2+ 34.
Kf1 Bg3 35. Qc4+ Bd5 36. Rxd5 Qh1+ 37. Ke2 Qxg2+ 38. Kd1 Rxd5+ 39. Qxd5+ Kh8
40. Qh5+ Kg8 41. Bd4 Qf1+ 42. Kc2 Qd3+ 43. Kb2 Qe2+ 44. Kb3 Qd1+ 45. Kc4 Qc1+
46. Kd5 Qxa3 47. Kxe4 Qxb4 48. Qe8+ Kh7 49. Qh5+ Kg8 50. Qe8+ Kh7 51. Qh5+ Kg8
1/2-1/2

[Event "II. CLANSKA LIGA ZAHOD 2012"]
[Site " Ljubljana"]
[Date "2012.10.26"]
[Round "6.4"]
[White "Grum, Andrej"]
[Black "Krivec, Metod"]
[Result "1/2-1/2"]
[WhiteElo "1785"]
[BlackElo "1825"]
[PlyCount "33"]
[EventDate "2012.10.26"]
[WhiteTeam "SK TRZIN"]
[BlackTeam "SD SIMP RADOVLJICA"]

1. e4 e6 2. d4 d5 3. Nd2 c5 4. exd5 exd5 5. Ngf3 c4 6. c3 Nf6 7. Be2 Bd6 8. O-O
O-O 9. b3 cxb3 10. axb3 Nc6 11. Bb2 h6 12. Qc2 Be6 13. Bd3 Rc8 14. Bf5 Bxf5 15.
Qxf5 Ne7 16. Qd3 a6 17. Rfe1 1/2-1/2

[Event "II. CLANSKA LIGA ZAHOD 2012"]
[Site " Ljubljana"]
[Date "2012.10.26"]
[Round "6.5"]
[White "Torkar, Boris"]
[Black "Konvalinka, Kostja"]
[Result "1-0"]
[WhiteElo "1849"]
[BlackElo "1761"]
[PlyCount "181"]
[EventDate "2012.10.26"]
[WhiteTeam "SD SIMP RADOVLJICA"]
[BlackTeam "SK TRZIN"]

1. d4 Nf6 2. c4 e6 3. Nc3 d5 4. e3 c5 5. Nf3 Nc6 6. Be2 dxc4 7. Bxc4 cxd4 8.
exd4 Be7 9. O-O O-O 10. Be3 b6 11. d5 exd5 12. Nxd5 Bb7 13. Nxe7+ Nxe7 14. Ng5
Bd5 15. Ba6 h6 16. Nf3 Bxf3 17. Qxf3 Qd5 18. Qg3 Nf5 19. Qh3 Nxe3 20. Qxe3 Rfe8
21. Qc3 Qe5 22. Qc2 Rad8 23. h3 Qa5 24. Bd3 Nd5 25. a3 Nf4 26. Bh7+ Kh8 27. Qf5
Qxf5 28. Bxf5 g6 29. Bg4 Rd2 30. b4 h5 31. Bf3 Kg7 32. Rfd1 Red8 33. h4 Kf6 34.
Kf1 R8d3 35. Rxd2 Rxd2 36. Ke1 Rb2 37. Kf1 Kf5 38. Kg1 f6 39. Kf1 g5 40. g3 g4
41. Bd1 Nd3 42. Be2 Ne5 43. b5 Ke4 44. a4 f5 45. a5 Rb4 46. axb6 axb6 47. Ra6
Nf3 48. Kg2 Rb2 49. Bc4 Rb4 50. Bf1 Nd2 51. Be2 Nc4 52. Bxc4 Rxc4 53. Rxb6 Rb4
54. Rb8 Kd5 55. b6 Kc6 56. Rh8 f4 57. gxf4 Rxf4 58. Rxh5 Kxb6 59. Kg3 Rf3+ 60.
Kxg4 Rxf2 61. Rd5 Kc6 62. Rd3 Rf8 63. h5 Rg8+ 64. Kf5 Rf8+ 65. Kg6 Rg8+ 66. Kf7
Rh8 67. Rh3 Kd6 68. h6 Ke5 69. h7 Kf5 70. Kg7 Ra8 71. h8=Q Rxh8 72. Rxh8 Ke5
73. Rf8 Ke6 74. Rf6+ Ke5 75. Kg6 Ke4 76. Rf5 Kd4 77. Kh5 Ke3 78. Kh4 Kd4 79.
Kg3 Ke3 80. Rf4 Kd3 81. Kf3 Kd2 82. Rd4+ Kc2 83. Ke2 Kc3 84. Ke3 Kc2 85. Rd3
Kb2 86. Kd2 Kb1 87. Kc3 Kc1 88. Rd2 Kb1 89. Rg2 Ka1 90. Kb3 Kb1 91. Rg1# 1-0

[Event "II. CLANSKA LIGA ZAHOD 2012"]
[Site " Ljubljana"]
[Date "2012.10.26"]
[Round "6.6"]
[White "Mihelic, Mitja"]
[Black "Pretnar, Bostjan"]
[Result "1/2-1/2"]
[WhiteElo "1682"]
[BlackElo "1677"]
[PlyCount "37"]
[EventDate "2012.10.26"]
[WhiteTeam "SK TRZIN"]
[BlackTeam "SD SIMP RADOVLJICA"]

1. d4 Nf6 2. c4 e5 3. dxe5 Ng4 4. Nf3 Bc5 5. e3 Nc6 6. a3 a5 7. Be2 Ngxe5 8.
Nbd2 O-O 9. Nxe5 Nxe5 10. Nf3 Nxf3+ 11. Bxf3 Ra6 12. Bd2 Rg6 13. Bxa5 b6 14.
Bb4 Bxb4+ 15. axb4 d6 16. Qd4 c5 17. bxc5 bxc5 18. Qc3 Qb6 19. Ra8 1/2-1/2

[Event "II. CLANSKA LIGA ZAHOD 2012"]
[Site " Ljubljana"]
[Date "2012.10.26"]
[Round "6.1"]
[White "Plenca, Julijan"]
[Black "Janzelj, Tim"]
[Result "1/2-1/2"]
[WhiteElo "2327"]
[BlackElo "2247"]
[PlyCount "63"]
[EventDate "2012.10.26"]
[WhiteTeam "MATRICA ZVO - SD STARI TRG OB KOLPI"]
[BlackTeam "SK IG"]

1. e4 e5 2. Nf3 Nc6 3. Nc3 Nf6 4. d4 exd4 5. Nxd4 Bb4 6. Nxc6 bxc6 7. Bd3 d5 8.
exd5 cxd5 9. O-O O-O 10. a3 Bd6 11. Nb5 Bg4 12. f3 Bc5+ 13. Kh1 Bh5 14. b4 Bb6
15. Bb2 Re8 16. Qd2 Bg6 17. Rae1 c6 18. Rxe8+ Nxe8 19. Nd4 Qf6 20. Bxg6 Qxg6
21. Re1 Bxd4 22. Bxd4 Nd6 23. a4 h6 24. Qc3 Nc4 25. a5 a6 26. Kg1 Rb8 27. Bc5
Qg5 28. Qd4 Qf5 29. Re2 Qg5 30. g3 f6 31. f4 Qh5 32. Qd3 1/2-1/2

[Event "II. CLANSKA LIGA ZAHOD 2012"]
[Site " Ljubljana"]
[Date "2012.10.26"]
[Round "6.2"]
[White "Rozic, Samo"]
[Black "Juranic, Bruno"]
[Result "1/2-1/2"]
[WhiteElo "2085"]
[BlackElo "2189"]
[PlyCount "88"]
[EventDate "2012.10.26"]
[WhiteTeam "SK IG"]
[BlackTeam "MATRICA ZVO - SD STARI TRG OB KOLPI"]

1. e4 c5 2. Nc3 Nc6 3. g3 g6 4. Bg2 Bg7 5. d3 d6 6. Be3 e6 7. Qd2 Rb8 8. f4
Nge7 9. Nf3 O-O 10. O-O b6 11. d4 d5 12. e5 Nf5 13. Ne2 Ba6 14. c3 Nxe3 15.
Qxe3 cxd4 16. Nfxd4 Nxd4 17. cxd4 Qd7 18. Rf2 Rfc8 19. Nc3 Rc7 20. g4 Qc6 21.
f5 b5 22. Ne2 b4 23. Ng3 Qa4 24. b3 Qa3 25. Qf4 Rbc8 26. Bf1 Rc2 27. Bxa6 Qxa6
28. fxg6 hxg6 29. Qxf7+ Kh7 30. Raf1 Rxf2 31. Qxf2 Qd3 32. Re1 Rc2 33. Re2 Rc1+
34. Nf1 Kg8 35. Kg2 Rc7 36. Qe3 Qxe3 37. Nxe3 Bh6 38. Nc2 a5 39. h4 Bf4 40. Rf2
g5 41. hxg5 Bxg5 42. Re2 Rc3 43. Ne1 Be3 44. Nc2 Bf4 1/2-1/2

[Event "II. CLANSKA LIGA ZAHOD 2012"]
[Site " Ljubljana"]
[Date "2012.10.26"]
[Round "6.3"]
[White "Kobe, Uros"]
[Black "Hiti, Domen"]
[Result "0-1"]
[WhiteElo "2192"]
[BlackElo "2061"]
[PlyCount "99"]
[EventDate "2012.10.26"]
[WhiteTeam "MATRICA ZVO - SD STARI TRG OB KOLPI"]
[BlackTeam "SK IG"]

1. e4 e6 2. d4 d5 3. Nc3 Nf6 4. Bg5 dxe4 5. Nxe4 Be7 6. Ng3 O-O 7. Nf3 Nbd7 8.
Bd3 b6 9. Qe2 Bb7 10. O-O-O Bxf3 11. Qxf3 Nd5 12. Bd2 Bg5 13. c4 Bxd2+ 14. Rxd2
N5f6 15. Bc2 Qe7 16. Re1 Qb4 17. Qd3 Rad8 18. Nh5 g6 19. Nf4 Nc5 20. Qe2 Na4
21. Bb3 b5 22. Qe5 Nxb2 23. Rxb2 Ng4 24. Qe2 Rxd4 25. h3 Rxf4 26. hxg4 Qc3+ 27.
Bc2 Rxc4 28. f3 c5 29. Qd2 Qa3 30. Re3 Qa6 31. Rd3 b4 32. Kb1 Qa5 33. f4 Qc7
34. g3 e5 35. f5 Rd4 36. Qh6 Qd8 37. Qd2 a5 38. g5 c4 39. Rxd4 exd4 40. Qf4 Re8
41. Bd1 Qd5 42. fxg6 hxg6 43. Re2 Rxe2 44. Bxe2 d3 45. Bf3 Qe6 46. Be4 d2 47.
Kc2 c3 48. Bf3 Qxa2+ 49. Kd3 Qb1+ 50. Ke3 0-1

[Event "II. CLANSKA LIGA ZAHOD 2012"]
[Site " Ljubljana"]
[Date "2012.10.26"]
[Round "6.4"]
[White "Rozic, Adrijan"]
[Black "Baric, Dusan"]
[Result "0-1"]
[WhiteElo "2100"]
[BlackElo "2051"]
[PlyCount "134"]
[EventDate "2012.10.26"]
[WhiteTeam "SK IG"]
[BlackTeam "MATRICA ZVO - SD STARI TRG OB KOLPI"]

1. d4 Nf6 2. Nf3 g6 3. Bg5 Bg7 4. Nbd2 d6 5. e4 O-O 6. Be2 b6 7. c3 c5 8. O-O
Qc7 9. Re1 Nbd7 10. Bf1 e6 11. e5 dxe5 12. dxe5 Ng4 13. Be7 Re8 14. Bd6 Qc6 15.
h3 Nh6 16. Qb3 a6 17. Rad1 Bb7 18. Bd3 b5 19. c4 b4 20. Be4 Qb6 21. Bxb7 Qxb7
22. Ne4 Qc6 23. Qe3 Nf5 24. Qe2 Rad8 25. g4 Nxd6 26. Nxd6 Rf8 27. Qe3 Qc7 28.
Ne4 Nxe5 29. Nxe5 Qxe5 30. Nxc5 Qxb2 31. Nd7 Rfe8 32. Re2 Qc3 33. Qf4 Rc8 34.
c5 a5 35. Red2 Qxh3 36. Rd3 Qh4 37. Kg2 h5 38. Rg3 hxg4 39. Rxg4 Qe7 40. Rg3
Rxc5 41. Nxc5 Qxc5 42. Rf3 Qe7 43. Rh1 e5 44. Qg4 e4 45. Rg3 Qb7 46. Re3 Qd5
47. Qe2 f5 48. Rd1 Qe6 49. f3 Bh6 50. Rb3 exf3+ 51. Qxf3 Qe2+ 52. Qxe2 Rxe2+
53. Kf3 Rxa2 54. Rd6 Kf7 55. Ra6 Bd2 56. Ke2 Bc3+ 57. Kf3 a4 58. Rb1 a3 59. Rh1
Kg7 60. Rg1 Bf6 61. Rd1 Be5 62. Rd5 Bh2 63. Rb5 Rc2 64. Rxb4 Rc3+ 65. Kg2 Be5
66. Rba4 Rc2+ 67. Kf3 Bb2 0-1

[Event "II. CLANSKA LIGA ZAHOD 2012"]
[Site " Ljubljana"]
[Date "2012.10.26"]
[Round "6.5"]
[White "Bedic, Slavko"]
[Black "Zupec, Jan"]
[Result "0-1"]
[WhiteElo "2000"]
[BlackElo "1975"]
[PlyCount "70"]
[EventDate "2012.10.26"]
[WhiteTeam "MATRICA ZVO - SD STARI TRG OB KOLPI"]
[BlackTeam "SK IG"]

1. c4 g6 2. Nf3 Bg7 3. d4 c5 4. e3 Nc6 5. Nc3 cxd4 6. exd4 d6 7. Be2 Nh6 8. d5
Ne5 9. Nxe5 dxe5 10. O-O Nf5 11. b3 O-O 12. Bd2 Nd4 13. Bd3 f5 14. Rc1 e4 15.
Bb1 e5 16. Be3 Qf6 17. Qd2 Bd7 18. Ne2 Rfe8 19. Kh1 Kf7 20. Bg5 Qd6 21. Rfd1 h6
22. Be3 Nxe2 23. Qxe2 Qa6 24. Bc5 Rac8 25. Bb4 Bf8 26. Bc3 Ba3 27. Rc2 b5 28.
Ba1 bxc4 29. Rxc4 Bb5 30. Qe3 Bxc4 31. bxc4 Bc5 32. Qxh6 Rh8 33. Qd2 Qd6 34.
Bc3 Rh5 35. Qb2 Rb8 0-1

[Event "II. CLANSKA LIGA ZAHOD 2012"]
[Site " Ljubljana"]
[Date "2012.10.26"]
[Round "6.6"]
[White "Janzelj, Lara"]
[Black "Turkovic, Igor"]
[Result "1/2-1/2"]
[WhiteElo "1775"]
[BlackElo "1901"]
[PlyCount "116"]
[EventDate "2012.10.26"]
[WhiteTeam "SK IG"]
[BlackTeam "MATRICA ZVO - SD STARI TRG OB KOLPI"]

1. d4 Nf6 2. c4 c5 3. d5 e6 4. Nc3 exd5 5. cxd5 d6 6. e4 g6 7. Bd3 Bg7 8. Nge2
O-O 9. O-O a6 10. a4 b6 11. Ng3 Nbd7 12. Re1 Qc7 13. Be3 Rb8 14. Rc1 Re8 15.
Qe2 Ra8 16. b4 Bb7 17. f4 Qd8 18. b5 Nb8 19. Bc4 h5 20. h3 h4 21. Nf1 Nxe4 22.
Nxe4 Rxe4 23. Nd2 Rxe3 24. Qxe3 Bd4 25. Qxd4 cxd4 26. Nf3 Nd7 27. Nxd4 Qf6 28.
Nf3 Nc5 29. Rcd1 Nxa4 30. bxa6 Bxa6 31. Bxa6 Rxa6 32. Re8+ Kg7 33. Rde1 Nc5 34.
R8e7 Ra1 35. Rxa1 Qxa1+ 36. Re1 Qf6 37. Rb1 Qxf4 38. Rxb6 Ne4 39. Rb4 Qe3+ 40.
Kh2 g5 41. Rb1 f6 42. Re1 Qf4+ 43. Kg1 g4 44. hxg4 Qxg4 45. Nd4 Kf7 46. Re2 h3
47. Nf3 hxg2 48. Re3 Qh3 49. Ne5+ dxe5 50. Rxh3 Ke7 51. Kxg2 Kd6 52. Rd3 f5 53.
Ra3 Kxd5 54. Ra5+ Nc5 55. Kf3 Kd4 56. Ra1 f4 57. Re1 e4+ 58. Rxe4+ Nxe4 1/2-1/2

[Event "II. CLANSKA LIGA ZAHOD 2012"]
[Site " Ljubljana"]
[Date "2012.10.26"]
[Round "6.1"]
[White "Markoja, Sebastijan"]
[Black "Solmajer, Luka"]
[Result "1-0"]
[WhiteElo "2048"]
[BlackElo "2048"]
[PlyCount "69"]
[EventDate "2012.10.26"]
[WhiteTeam "SK KOMENDA"]
[BlackTeam "SS KC DR LOJZ KRAIGER LJUBLJANA"]

1. e4 c5 2. Nf3 Nc6 3. d4 cxd4 4. Nxd4 e6 5. Nc3 Bb4 6. Ndb5 a6 7. Nd6+ Bxd6 8.
Qxd6 Nge7 9. a4 Qa5 10. Bd2 Qb4 11. Qxb4 Nxb4 12. O-O-O Nbc6 13. Be3 d5 14.
exd5 exd5 15. Nxd5 Nxd5 16. Rxd5 O-O 17. b3 b5 18. Rc5 Bd7 19. Be2 bxa4 20. Rd1
Be8 21. Bf3 Rc8 22. Rd6 Ne7 23. Rxc8 Nxc8 24. Rxa6 Bd7 25. bxa4 Re8 26. a5 Bb5
27. Ra8 Nd6 28. Rxe8+ Nxe8 29. Bb7 Nc7 30. Bb6 Na6 31. Kb2 Kf8 32. Kb3 Nb8 33.
c4 Ba6 34. Bxa6 Nxa6 35. Ka4 1-0

[Event "II. CLANSKA LIGA ZAHOD 2012"]
[Site " Ljubljana"]
[Date "2012.10.26"]
[Round "6.2"]
[White "Persl, Bojan"]
[Black "Leonardi, Caterina"]
[Result "1-0"]
[WhiteElo "2088"]
[BlackElo "1868"]
[PlyCount "45"]
[EventDate "2012.10.26"]
[WhiteTeam "SS KC DR LOJZ KRAIGER LJUBLJANA"]
[BlackTeam "SK KOMENDA"]

1. e4 e6 2. d4 d5 3. Nd2 dxe4 4. Nxe4 Bd7 5. Nf3 Bc6 6. Bd3 Nd7 7. Qe2 Ngf6 8.
Neg5 Qe7 9. Ne5 Nxe5 10. dxe5 Nd7 11. f4 O-O-O 12. Be3 Nb6 13. O-O-O Qb4 14. c3
Qe7 15. Kb1 f5 16. Bxb6 axb6 17. Bc4 Bd7 18. Rxd7 Kxd7 19. Bxe6+ Ke8 20. Qb5+
c6 21. Qxb6 Rd2 22. Bf7+ Kd7 23. Qxb7+ 1-0

[Event "II. CLANSKA LIGA ZAHOD 2012"]
[Site " Ljubljana"]
[Date "2012.10.26"]
[Round "6.3"]
[White "Unuk, Laura"]
[Black "Sadikov, Aleksander"]
[Result "1/2-1/2"]
[WhiteElo "1948"]
[BlackElo "1988"]
[PlyCount "109"]
[EventDate "2012.10.26"]
[WhiteTeam "SK KOMENDA"]
[BlackTeam "SS KC DR LOJZ KRAIGER LJUBLJANA"]

1. d4 d5 2. c4 e6 3. Nc3 Nf6 4. Bg5 Be7 5. e3 O-O 6. Nf3 c6 7. Bd3 Nbd7 8. O-O
dxc4 9. Bxc4 Nd5 10. Bxe7 Qxe7 11. Ne4 e5 12. dxe5 Nxe5 13. Bxd5 Nxf3+ 14. Qxf3
cxd5 15. Nc3 Qb4 16. Nxd5 Qxb2 17. Ne7+ Kh8 18. Rfb1 Qd2 19. h3 Be6 20. Qxb7 h6
21. Rd1 Qc2 22. Nc6 Qg6 23. Kh2 Qc2 24. f3 Qf2 25. Re1 Bd5 26. e4 Rfb8 27.
Qxb8+ Rxb8 28. Nxb8 Bxa2 29. Nc6 a6 30. Rec1 Qb2 31. Kh1 h5 32. Nb4 Bc4 33.
Rcb1 Qe2 34. Ra5 g6 35. Rba1 Be6 36. Nxa6 Qf2 37. R5a3 Kg7 38. Nc7 Bc8 39. Ne8+
Kh6 40. Nd6 Be6 41. Ra7 Qb2 42. Rd1 Qc2 43. Rda1 Qb2 44. Rf1 Qb3 45. Raa1 Qb6
46. Rad1 Qb3 47. Ne8 Qb2 48. Nc7 Bc4 49. Rfe1 Qf2 50. Nd5 Be2 51. Rc1 Bxf3 52.
gxf3 Qxf3+ 53. Kh2 Qf2+ 54. Kh1 Qf3+ 55. Kh2 1/2-1/2

[Event "II. CLANSKA LIGA ZAHOD 2012"]
[Site " Ljubljana"]
[Date "2012.10.26"]
[Round "6.4"]
[White "Kodela, Marko"]
[Black "Vidic, Teja"]
[Result "1-0"]
[WhiteElo "1983"]
[BlackElo "1850"]
[PlyCount "165"]
[EventDate "2012.10.26"]
[WhiteTeam "SS KC DR LOJZ KRAIGER LJUBLJANA"]
[BlackTeam "SK KOMENDA"]

1. c4 e5 2. Nc3 Nf6 3. Nf3 Nc6 4. e3 d5 5. cxd5 Nxd5 6. Bb5 Nxc3 7. bxc3 Bd6 8.
d4 exd4 9. cxd4 Bd7 10. O-O a6 11. Bd3 O-O 12. h3 Nb4 13. Bb1 Bb5 14. Re1 c5
15. a3 Nd5 16. Bb2 Rc8 17. e4 Nb6 18. a4 Bd7 19. e5 Be7 20. d5 Bxa4 21. Rxa4
Nxa4 22. Qc2 g6 23. d6 Nxb2 24. dxe7 Qxe7 25. Qxb2 c4 26. Be4 Rc7 27. h4 c3 28.
Qb3 Rfc8 29. h5 c2 30. Rc1 Rc3 31. Qb2 Qc5 32. h6 a5 33. e6 Qb4 34. Rxc2 Qxb2
35. Rxb2 fxe6 36. Rxb7 R8c7 37. Rb6 R7c5 38. Rb7 Rc1+ 39. Kh2 Rh5+ 40. Kg3 Rxh6
41. Ng5 Re1 42. f3 a4 43. Nxe6 a3 44. Bd5 Rh5 45. Bc4 Rc1 46. Bb3 h6 47. Nd4+
Kh8 48. Ra7 Rg5+ 49. Kf2 Rb1 50. Rxa3 Rb2+ 51. Ke3 Rgxg2 52. Bd5 Rg5 53. Ra8+
Kh7 54. Bg8+ Kh8 55. Bc4+ Kh7 56. Bd3 Re5+ 57. Kf4 Rd5 58. Ra7+ Kh8 59. Ke4 Rd8
60. Ke5 Rd2 61. Ra3 Re8+ 62. Kf6 Rd8 63. Ke5 Re8+ 64. Ne6 Rf2 65. Bxg6 Re2+ 66.
Be4 h5 67. Ra7 Rh2 68. Bf5 Re2+ 69. Kf6 Re3 70. f4 h4 71. Rh7+ Kg8 72. Rxh4 Re7
73. Kxe7 Rh3 74. Rg4+ Kh8 75. Bh7 Rxh7+ 76. Kf6 Rh6+ 77. Ke5 Rh2 78. f5 Ra2 79.
Kf6 Rh2 80. Nf4 Rh6+ 81. Kg5 Kg7 82. Ne6+ Kh8 83. Rh4 1-0

[Event "II. CLANSKA LIGA ZAHOD 2012"]
[Site " Ljubljana"]
[Date "2012.10.26"]
[Round "6.5"]
[White "Kralj, Manca"]
[Black "Jelen, Ales"]
[Result "1-0"]
[WhiteElo "1784"]
[BlackElo "1829"]
[PlyCount "115"]
[EventDate "2012.10.26"]
[WhiteTeam "SK KOMENDA"]
[BlackTeam "SS KC DR LOJZ KRAIGER LJUBLJANA"]

1. e4 e6 2. d4 d5 3. exd5 exd5 4. Bd3 Nf6 5. Nf3 Bd6 6. Bg5 O-O 7. O-O Bg4 8.
Nbd2 Nbd7 9. c3 c6 10. Qc2 Qc7 11. h3 Bh5 12. Rfe1 Rfe8 13. Bf5 Bf4 14. Qd3 b5
15. Bxf4 Qxf4 16. g3 Qc7 17. Ng5 Bg6 18. Ngf3 Nh5 19. Kg2 a5 20. Bxg6 fxg6 21.
Re3 Rxe3 22. Qxe3 Nhf6 23. Qe6+ Kh8 24. Re1 h6 25. Qf7 Rf8 26. Qxg6 Qd8 27. Nh4
Ne4 28. Nxe4 dxe4 29. Qxe4 Rf6 30. Qe8+ Qxe8 31. Rxe8+ Kh7 32. f4 Nb6 33. f5 h5
34. g4 hxg4 35. hxg4 g5 36. fxg6+ Kg7 37. Re7+ Kg8 38. g5 Rf4 39. Kg3 Nd5 40.
Rd7 Rf1 41. Nf3 Rb1 42. Ne5 Rg1+ 43. Kh4 Ne3 44. g7 Rh1+ 45. Kg3 Nf5+ 46. Kf4
Rf1+ 47. Ke4 Nxg7 48. Rd8+ Kh7 49. g6+ Kh6 50. Rh8+ Kg5 51. Rh2 Kf6 52. Rg2
Re1+ 53. Kd3 Ne6 54. Rf2+ Kg7 55. Rf7+ Kg8 56. Nd7 Rg1 57. Nf6+ Kh8 58. Rh7#
1-0